00670cam a2200217 a 450000100060000000300080000600500170001400800410003103500190007204000340009104100080012508200170013310000360015024500540018626000460024030000340028650400510032065000140037165000260038570000410041110305BD-RjUL20211208234931.0140123s1956 enka b 001 0 eng d a(BD-RjUL)10353 aXNTUbengcXNTUdAMGdBD-RjUL aeng04a669.732bMCT1 aMcQuillan, A. D.q(Alan Dennis)10aTitanium /cby A.D. McQuillan and M.K. McQuillan. aLondon :bButterworths Scientific,c1956. axix, 466 p. :bill. ;c22 cm. aIncludes bibliographical references and index. 0aTitanium. 0aTitaniumxMetallurgy.1 aMcQuillan, M. K.q(Marion Katharine)